000
00254nam a22001217a 4500
003
SGT
082
_a
080
_b
C17M
100
_a
MAZUMDAR, SUBHRA
245
_a
CHITRAYATRA 1954-2017
260
_b
LALIT KALA AKADEMI
_c
2017
300
_a
175
942
_2
ddc
_c
BK
999
_c
31487
_d
31487